Contrapuntos al "Camino" del Opus Dei / [por] Josep Dalmau ; tr. por Victór Manuel Arbeloa

Kaydedildi:
Detaylı Bibliyografya
Yazar: Dalmau, Josep (autor)
Materyal Türü: Kitap
Seri Bilgileri:Norte
Konular:
Etiketler: Etiketle
Etiket eklenmemiş, İlk siz ekleyin!

MARC

LEADER 00000nam^a2200000^u^4500
001 000537844
005 20250521000000.0
008 060220s1000^^^^^^^^^^^^r^^^^^000^0^spa^d
009 20260526152136.448
035 |a FMI 000004227 
037 |a Acervo Xavier Clavigero 
096 |a 4.4/113/B 
100 |a Dalmau, Josep  |e (autor) 
245 1 0 |a Contrapuntos al "Camino" del Opus Dei / [por] Josep Dalmau ; tr. por Victór Manuel Arbeloa 
264 |a México : Griljalbo, 1972 
300 |a 232 p. 
336 |a texto  |b txt  |2 rdacontenido 
337 |a sin mediación  |b n  |2 rdamedio 
338 |a volumen  |b nc  |2 rdasoporte 
440 0 |a Norte 
597 |a Trad. del catalán. 
649 |a XX 
650 |a ESPIRITUALIDAD SACERDOTAL Y RELIGIOSA 
910 |a Fondo Francisco Migoya Covarrubias S.J. 
920 |a Impresos - Libros 
930 |a Fondos Especiales 
905 |a 134 
901 |a SBC12577  |b IT2  |c ESP  |u 20250521 
902 |a https://opac.biblio.iteso.mx/vufind/Record/000537844